Liedtext - IX (Das schwarze Einmaleins) - Saltatio Mortis - Statistiken

Allgemein
  • Dieses Quiz wurde 4 mal gespielt
  • Das Durchschnittsergebnis liegt bei 260 aus 312
Antwortstatistiken
Antwort % Korrekt
Acht
100%
das
100%
Das
100%
den
100%
Der
100%
der
100%
Die
100%
die
100%
Dinge
100%
dir
100%
Doch
100%
drei
100%
Drei
100%
Dreimal
100%
dreimal,
100%
Ein
100%
Einmaleins
100%
eins
100%
Eins
100%
es
100%
Fünf
100%
für
100%
geweiht!
100%
geweiht
100%
gibt
100%
Gott
100%
Gottes
100%
Gunst
100%
guten
100%
ich
100%
im
100%
ist
100%
Ist
100%
Kunst
100%
lass
100%
Macht
100%
mal
100%
Mal
100%
man
100%
Männlichkeit
100%
Me
100%
meine
100%
mir
100%
Neun
100%
plus
100%
Preis
100%
schwarzen
100%
Sechs
100%
See
100%
sein
100%
Sieben
100%
sind
100%
So
100%
steht
100%
steht's
100%
Teufel
100%
Tod
100%
und
100%
Unendlichkeit
100%
verflucht
100%
vier
100%
Vier
100%
Wolllust,
100%
Zahl
100%
Zauberei
100%
zwei
100%
an
67%
dann
67%
Elf
67%
gebracht
67%
glaubt
67%
hab
67%
Hab
67%
In
67%
in
67%
Jahreszeiten
67%
kennt
67%
Kuss
67%
Lüg
67%
Maßlosigkeit
67%
mich
67%
Namen
67%
Neunmal
67%
Potenz
67%
Quadrat
67%
Quintessenz
67%
reicht
67%
schreib
67%
Sinne
67%
Tier
67%
verließ
67%
Verrat
67%
war
67%
zeigt
67%
aus
33%
bleibt
33%
dich
33%
Get
33%
My
33%
versucht
33%
Winde
33%
Wurde
33%
$79
0%
also
0%
as
0%
Galgenballade
0%
Idol
0%
like
0%
Live
0%
low
0%
might
0%
Mortis
0%
Mother
0%
Saltatio
0%
tickets
0%
Told
0%
You
0%
Keine übereinstimmenden Quizze gefunden
Verteilung der Resultate
Anzahl Personen mit jedem Resultat
Perzentil nach korrekt beantworteten Fragen
Ihre Resultats-Entwicklung
Sie haben dieses Quiz noch nicht gespielt